Poetas castellanos anteriores al siglo XV

Enregistré dans:
Détails bibliographiques
Collectivité auteur: Biblioteca de autores españoles
Format: Livre
Langue:Undetermined
Publié: Madrid, España Rivadeneyra 1864
Sujets:
Tags: Ajouter un tag
Pas de tags, Soyez le premier à ajouter un tag!

MARC

LEADER 00000nam a2200000Ia 4500
008 170316s9999 xx 000 0 und d
110 |a Biblioteca de autores españoles 
245 |a Poetas castellanos anteriores al siglo XV 
260 |a Madrid, España 
260 |b Rivadeneyra 
260 |c 1864 
300 |a [s.páginas] 
650 |a REFERENCIA 
999 |c 30205  |d 30205 
040 |a cru BVZT 
942 |c 15 D  |2 z